000
00199 a2200097 4500
001
10108
100
_a
Kolarz, W
245
_a
How Russia is ruled
260
_a
_b
Batchworth
_c
090
_c
7859
_d
7859
942
_a
NUST-CAE
_c
M
_c
34554
999
_c
245181
_d
245181